Hévíz és Zalakaros gyógyturisztikai kínálatának fejlesztése

Bibliográfiai részletek
Szerző: Deák Laura
További közreműködők: Szalók Dr. Csilla
Dokumentumtípus: Diplomadolgozat
Kulcsszavak:Hévíz
Zalakaros (Zala)
Gyógyturizmus
Online Access:http://dolgozattar.uni-bge.hu/15877

MARC

LEADER 00000nta a2200000 i 4500
001 dolg15877
005 20180704144223.0
008 180510suuuu hu om 000 hun d
040 |a BGE Dolgozattár Repozitórium  |b hun 
041 |a hu 
100 1 |a Deák Laura 
245 1 0 |a Hévíz és Zalakaros gyógyturisztikai kínálatának fejlesztése  |c Deák Laura  |h [elektronikus dokumentum] 
246 1 1 |a Hévíz és Zalakaros gyógyturisztikai kínálatának fejlesztése 
695 |a Hévíz 
695 |a Zalakaros (Zala) 
695 |a Gyógyturizmus 
700 1 |a Szalók Dr. Csilla  |e ths 
856 4 0 |u http://dolgozattar.uni-bge.hu/15877/1/De%C3%A1k%20Laura%20szakdolgozat%20v%C3%A9gleges.pdf  |z Dokumentum-elérés